000 00504nam a2200181Ia 4500
008 090123s9999 xx 000 0 und d
082 _b42917
100 _aगजेंद्रगडकर मोनिका
245 _aआर्त
250 _a1
260 _c2008
300 _a169
600 _aगजेंद्रगडकर मोनिका
630 _aआर्त
700 _aगजेंद्रगडकर मोनिका
730 _aआर्त
942 _cBOOK
999 _c80993
_d80993